=LDR 00000nam 2200000 4500 =001 INLIS000000000054760 =005 20200224075338 =035 ##$$a 0010-0220000322 =007 ta =008 200224###########################0#ind## =020 ##$$a 978-602-477-003-7 =082 ##$$a 181.112 =084 ##$$a 181.112 Xiq k =245 1#$$a Kata-Kata Bijak Konfusius /$c Xiqin Cai =250 ##$$a Cet 1 =300 ##$$a 220 Halaman : $b Ilustrasi ; $c 20 Cm. =650 #4$$a Filsafat Cina =700 #$$a Editor: Adeline Bangun, Yayat Sri Hayati =264 ##$$a Jakarta :$b Kesaint Blanc,$c 2018 =336 ##$$a teks$2 rdacontent =337 ##$$a lain-lain$2 rdamedia =338 ##$$a lain-lain$2 rdacarrier =990 ##$$a 13101310 =990 ##$$a 13101310